000 01852nam2a22003251 4500
001 v19\rc\2030032
005 20251118181528.8
035 _a(NLR Aleph) 005110032
090 _a7483371
_c7483371
100 _a20251123 rusy50
101 0 _arus
102 _aRU
105 _aa z |||||
200 1 _aПрямокрылые, собранные П.В. Нестеровым во время путешествия вдоль персидско-турецкой границы
210 _d1916
215 _a14 с., 9 ил.
311 _aПерепеч. из 10 т. "Изв. Кавк. музея"
461 0 _1001v19\rc\2030031
_12001#$aМатериалы к познанию прямокрылых Кавказа и сопредельных стран$e1-$fБ.П. Уваров$v1
_1700#1$aУваров$bБ. П.$f1888-1970$gБорис Петрович$3RU\NLR\AUTH\770249194$4070
_97483364
_aУваров, Б. П. (1888-1970)
_cТифлис
_d1916
_fБ.П. Уваров
_nтип. Канц. нам. е. и. в. на Кавказе
_o1-
_tМатериалы к познанию прямокрылых Кавказа и сопредельных стран
_v1
488 0 _12001#$aИзвестия Кавказского музея$vТ. 10
_tИзвестия Кавказского музея
532 1 0 _aПрямокрылые, собранные Павлом Владимировичем Нестеровым во время путешествия вдоль персидско-турецкой границы
702 1 _aНестеров
_bП.В.
_gПетр Владимирович
_4570
801 0 _aRU
_bNLR
_gpsbo
801 0 _aRU
_bRuMoRGB
_2psbo
801 1 _aRU
_bProSoft-M
_2rusmarc
852 _aNLR
_j37.56.6.336
899 _aRuMoRGB
_jV 283/253
899 _aRuMoRGB
_jJ 89/455
942 _cBOOK
980 _aNB